000 002720000a22000970004500
100 1 _aTorrance, Thomas F.
245 1 0 _aThe doctrine of the Virgin birth
300 _aVol. 12, Num. 1 (1994), Páginas 8-25
773 0 _tScottish Bulletin of Evangelical Theology
942 _cANA
999 _c55709
_d55709